000167245 001__ 167245
000167245 005__ 20260121151433.0
000167245 037__ $$aTAZ-TFG-2025-1438
000167245 041__ $$aspa
000167245 1001_ $$aCiaurriz Ojer, Nerea
000167245 24200 $$aANTI-INFLAMMATORY DIET IN THE MANAGEMENT OF ENDOMETRIOSIS: A LITERATURE REVIEW
000167245 24500 $$aDIETA ANTIINFLAMATORIA EN EL MANEJO DE LA ENDOMETRIOSIS: REVISIÓN BIBLIOGRÁFICA
000167245 260__ $$aZaragoza$$bUniversidad de Zaragoza$$c2025
000167245 506__ $$aby-nc-sa$$bCreative Commons$$c3.0$$uhttp://creativecommons.org/licenses/by-nc-sa/3.0/
000167245 520__ $$aLa endometriosis se trata de una enfermedad ginecológica crónica benigna que se caracteriza por la presencia de tejido endometrial fuera de la cavidad uterina. El dolor pélvico crónico, la infertilidad y el deterioro de la calidad de vida, son algunas de las consecuencias de esta enfermedad como respuesta a la inflamación. Hoy en día, todavía no se sabe con exactitud las diferentes causas y tratamientos para esta enfermedad. El objetivo de esta revisión fue revisar la evidencia científica sobre el efecto de la dieta antiinflamatoria en mujeres con endometriosis. Para ello, se llevó a cabo una revisión bibliográfica en diferentes bases de datos científicos de los últimos diez años. Algunos compuestos dietéticos, como los ácidos grasos omega-3, la vitamina D, la N-acetilcisteína y el resveratrol, entre otros, han mostrado efectos beneficiosos sobre la disminución de los procesos inflamatorios derivados de la enfermedad, además de una disminución del dolor y el tamaño de los endometriomas. Igualmente, patrones dietéticos como la dieta mediterránea también se asocian con una menor incidencia de la enfermedad. A pesar de la información recogida de los últimos años, podemos concluir que la dieta antiinflamatoria podría ser una herramienta prometedora en el manejo de la endometriosis, aunque todavía queda mucho que investigar ya que la información es limitada, heterogénea y muy reducida en estudios humanos. <br /><br />
000167245 521__ $$aGraduado en Nutrición Humana y Dietética
000167245 540__ $$aDerechos regulados por licencia Creative Commons
000167245 691__ $$a0
000167245 692__ $$a
000167245 700__ $$aMateo Gallego, Rocío $$edir.
000167245 700__ $$aRodrigo Carbó, Carmen$$edir.
000167245 7102_ $$aUniversidad de Zaragoza$$bFisiatría y Enfermería$$cEnfermería
000167245 8560_ $$f806078@celes.unizar.es
000167245 8564_ $$s1220321$$uhttps://zaguan.unizar.es/record/167245/files/TAZ-TFG-2025-1438.pdf$$yMemoria (spa)
000167245 909CO $$ooai:zaguan.unizar.es:167245$$pdriver$$ptrabajos-fin-grado
000167245 950__ $$a
000167245 951__ $$adeposita:2026-01-21
000167245 980__ $$aTAZ$$bTFG$$cFCSHUES
000167245 999__ $$a20250529085735.CREATION_DATE